000
00294nam a22001337a 4500
008
181218b xxu||||| |||| 00| 0 eng d
020
_a
0898626056
041
_a
eng
080
_a
159.9
100
_a
49
101
_a
PSI
245
_a
Women and Psychotherapy
_c
Brodsky, A.M
942
_2
udc
_c
BK
999
_c
53427
_d
53427